Statistics for All I Want for Christmas Is You Lyrics

Click here to take the quiz!

General Stats

  • This quiz has been taken 416 times
  • The average score is 44 of 54

Answer Stats

Lyrics% Correct
All I want for Christmas is {you}
99%
All I want for Christmas is {you}, yeah
99%
Baby, all I want for Christmas is {you}
99%
Baby, all I want for Christmas... is {you}
99%
There is just {one} thing I need
99%
There is just {one} thing I need
99%
Make my {wish} come true
98%
Make my {wish} come true
98%
Make my {wish} come true
98%
Underneath the {Christmas} {tree}
98%
Underneath the {Christmas} {tree}
98%
And I don't care about the {presents}
97%
I don't care about the {presents}
97%
I don't want {a} {lot} for Christmas
97%
I don't want {a} {lot} for Christmas
97%
Oh, I don't want {a} {lot} for Christmas
97%
More than you could {ever} {know}
96%
More than you could {ever} {know}
96%
More than you could {ever} {know}
96%
I just want you for {my} {own}
91%
I just want you for {my} {own}
91%
All I want for Christmas is you, {baby}
85%
All I want for Christmas is you, {baby}
85%
All I want for Christmas is you, {baby}
85%
All I want for Christmas is you, {baby}
85%
All I want for Christmas is you, {baby}
85%
You, {baby}
85%
You, {baby}
85%
You, {baby}
85%
I don't need to hang my {stocking}
83%
There upon the {fireplace}
83%
I won't even wish for {snow}
80%
Underneath the {mistletoe}
80%
Oh, I won't ask for much {this} {Christmas}
78%
{Santa} {Claus} won't make me happy
77%
Standing right outside my {door}
76%
This is all I'm {asking} for
75%
Oh, I just want you for my {own}
74%
'Cause I just want you here {tonight}
73%
Won't you please {bring} my baby to me?
71%
I hear those sleigh bells {ringing}
68%
And I'm just gonna keep on {waiting}
66%
{What} {more} can I do?
66%
And the sound of children's {laughter} fills the air
64%
I won't make {a} {list} and send it
62%
{Holding} {on} to me so tight
60%
Oh, all the lights are shining so {brightly} everywhere
60%
Hear those magic {reindeer} click
59%
I just wanna see {my} {baby}
59%
And everyone is {singing}
58%
With a {toy} on Christmas Day
56%
I won't even stay {awake} to
55%
To the North Pole for {Saint} {Nick}
54%
Santa, won't you bring me the one I {really} {need}?
41%

Score Distribution

Percentile by Number Answered

Percent of People with Each Score

Your Score History

You have not taken this quiz